000 01284nam a2200241Ia 4500
003 Ost
005 20260507075658.0
008 260507s9999||||xx |||||||||||||| ||und||
020 _a9775433231
040 _cfsecg
041 _aara
082 _a658.9133212
100 _aحماد، طارق عبد العال
_eمؤلف
245 0 _aالتطورات العالمية وانعكاساتها على أعمال البنوك /
_c طارق عبد العال حماد
260 _aالاسكندرية:
_bالدار الجامعية,
_c1999
300 _a237 صفحة؛
_bإيضاحات ؛
_c24 سم
490 _aسلسلة البنوك التجارية "قضايا معاصرة"
_v1
504 _aالمراجع ص.237
520 _aالتطورات العالمية وانعكاساتها على أعمال البنوك، تقييم أداء البنوك التجارية (تحليل العائد والمخاطرة)، اندماج وخصخصة البنوك، تقدير قيمة البنك لأغراض الاندماج أو الخصخصة، الابتكارات المالية (المفاهيم، الادارة المحاسبة).
653 _aالبنوك- محاسبة
653 _aجنوب شرقي آسيا- الأحوال الإقتصادية
942 _cكتاب
999 _c45743
_d45743